| 000 | 01259cam a22003138i 4500 | ||
|---|---|---|---|
| 999 |
_c232842 _d232842 |
||
| 001 | 17941152 | ||
| 003 | Nust | ||
| 005 | 20170223155835.0 | ||
| 008 | 131114s2013 iau 000 0 eng | ||
| 010 | _a 2013040962 | ||
| 020 | _a9780073401324 (alk. paper) | ||
| 040 |
_aDLC _beng _cDLC _erda _dDLC |
||
| 042 | _apcc | ||
| 050 | 0 | 0 |
_aQA76.9.C65 _bL38 2013 |
| 082 | 0 | 0 |
_a003.3 LAW _223 |
| 100 | 1 | _aLaw, Averill M. | |
| 245 | 1 | 0 |
_aSimulation modeling and analysis / _cAverill M. Law, President Averill M. Law & Associates, Inc. Tucson, Arizona, USA, www.averill-law.com. |
| 250 | _aFifth edition. | ||
| 263 | _a1312 | ||
| 264 | 1 |
_aDubuque : _bMcGraw-Hill Education, _c2013. |
|
| 300 | _apages cm. | ||
| 336 |
_atext _2rdacontent |
||
| 337 |
_aunmediated _2rdamedia |
||
| 338 |
_avolume _2rdacarrier |
||
| 490 | 0 | _aMcGraw-Hill series in industrial engineering and management science | |
| 650 | 0 | _aDigital computer simulation. | |
| 906 |
_a7 _bcbc _corignew _d1 _eecip _f20 _gy-gencatlg |
||
| 942 |
_2ddc _cBK |
||